Conclusión General. La dominación cultural en la teoría del Desarrollo /
Պահպանված է:
| Հիմնական հեղինակ: | |
|---|---|
| Ձևաչափ: | Անհայտ |
| Խորագրեր: | |
| Ցուցիչներ: |
Ավելացրեք ցուցիչ
Չկան պիտակներ, Եղեք առաջինը, ով նշում է այս գրառումը!
|
MARC
| LEADER | 00000 a2200000 04500 | ||
|---|---|---|---|
| 001 | 31450 | ||
| 003 | cru IIS | ||
| 005 | 20230307135553.0 | ||
| 008 | 991231s d | ||
| 040 | |a CRAI/IIS |c CRAI/IIS | ||
| 090 | |a 0001 C172f | ||
| 100 | |a Camacho, Daniel | ||
| 245 | |a Conclusión General. La dominación cultural en la teoría del Desarrollo / |c Daniel Camacho | ||
| 300 | |a 320-334 p. | ||
| 650 | 0 | |9 3294 |a DESARROLLO | |
| 650 | 0 | |9 4562 |a DOMINACION | |
| 650 | 0 | |9 126 |a CULTURA | |
| 942 | |2 ddc |c LI | ||
| 999 | |c 2554 |d 2554 | ||
| 773 | 0 | |0 12363 |9 8351 |a Camacho, Daniel |d San José: EDUCA, 1979 |o 02778 |t El Fracaso social de la integración centroamericana: Capital, tecnología y empleo / |w (cru IIS)31338 | |
